000 00253nam a22001217a 4500
008 181218b xxu||||| |||| 00| 0 eng d
041 _aeng
080 _a616.8
100 _a7
101 _aDER
245 _aDermatology
_cLevene, G.M
942 _2udc
_cBK
999 _c53407
_d53407